| 000 | 01014nam a22002537a 4500 | ||
|---|---|---|---|
| 001 | 44769 | ||
| 003 | BD-RjUL | ||
| 005 | 20211209053920.0 | ||
| 008 | 160720s2009 bg a|||| |||| 00| 0 ben d | ||
| 020 |
_a9789843308952 _c: TK 1500.00 |
||
| 035 | _a(BD-RjUL)44887 | ||
| 040 |
_aBD-RjUL _bben _cBD-RjUL |
||
| 041 | _aben | ||
| 082 |
_223 _a782.409549205 _bSAD 2009 |
||
| 245 | 0 | 0 | _aসাদাকালো '৭১ / |
| 260 |
_aঢাকা : _bসাদাকালো, _c২০০৯ |
||
| 300 |
_a১২৪ পৃ. : _bচিত্র ; _c২৪ সেমি. |
||
| 650 |
_aচিত্র _y১৯৭১ _zবাংলাদেশ _9137248 |
||
| 650 |
_aPainting _y1971 _zBangladesh _9137249 |
||
| 700 |
_aজাহাঙ্গীর, বোরহানুদ্দিন খান, সম্পাদক _9137250 |
||
| 700 |
_aচৌধুরী, কাইয়ুম, সম্পাদক _9137251 |
||
| 700 |
_aখান, হাশেম, সম্পাদক _9137252 |
||
| 942 |
_2ddc _cBK |
||
| 999 |
_c44769 _d44769 |
||